Расчет изгиба вязкоупругой изотропной плиты на упругом основании; Перспективы развития фундаментальных наук; Т. 3 : Математика
| Parent link: | Перспективы развития фундаментальных наук=Prospects of Fundamental Sciences Development: сборник научных трудов XIX Международной конференции студентов, аспирантов и молодых ученых, г. Томск, 26-29 апреля 2022 г./ Национальный исследовательский Томский политехнический университет (ТПУ) ; под ред. И. А. Курзиной, Г. А. Вороновой.— , 2022 Т. 3 : Математика.— 2022.— [С. 57-59] |
|---|---|
| Autor principal: | |
| Autor Corporativo: | |
| Outros Autores: | |
| Resumo: | Заглавие с экрана The problem of bending a viscoelastic plate on an elastic base is considered and its solution in displacements and stresses is obtained. Displacements and stresses are calculated using the Volterra method and the method of separation of variables. A comparative analysis of the listed methods for solving the viscoelastic problem based on relative errors for displacements and stresses is carried out. |
| Idioma: | russo |
| Publicado em: |
2022
|
| Assuntos: | |
| Acesso em linha: | http://earchive.tpu.ru/handle/11683/72964 |
| Formato: | MixedMaterials Recurso Electrónico Capítulo de Livro |
| KOHA link: | https://koha.lib.tpu.ru/cgi-bin/koha/opac-detail.pl?biblionumber=634709 |
MARC
| LEADER | 00000naa2a2200000 4500 | ||
|---|---|---|---|
| 001 | 634709 | ||
| 005 | 20231101133827.0 | ||
| 035 | |a (RuTPU)RU\TPU\conf\36527 | ||
| 035 | |a RU\TPU\conf\36526 | ||
| 090 | |a 634709 | ||
| 100 | |a 20220819d2022 k y0rusy50 ca | ||
| 101 | 0 | |a rus |d eng | |
| 102 | |a RU | ||
| 105 | |a y z 100zy | ||
| 135 | |a drcn ---uucaa | ||
| 181 | 0 | |a i | |
| 182 | 0 | |a b | |
| 200 | 1 | |a Расчет изгиба вязкоупругой изотропной плиты на упругом основании |d Calculation of the bending of a viscoelastic isotropic plate on an elastic base |f Д. Д. Дубровский |g науч. рук. А. А. Светашков | |
| 203 | |a Текст |c электронный | ||
| 230 | |a 1 компьютерный файл (pdf; 185 Kb) | ||
| 300 | |a Заглавие с экрана | ||
| 320 | |a [Библиогр.: с. 59 (5 назв.)] | ||
| 330 | |a The problem of bending a viscoelastic plate on an elastic base is considered and its solution in displacements and stresses is obtained. Displacements and stresses are calculated using the Volterra method and the method of separation of variables. A comparative analysis of the listed methods for solving the viscoelastic problem based on relative errors for displacements and stresses is carried out. | ||
| 461 | 1 | |0 (RuTPU)RU\TPU\conf\36478 |t Перспективы развития фундаментальных наук |l Prospects of Fundamental Sciences Development |o сборник научных трудов XIX Международной конференции студентов, аспирантов и молодых ученых, г. Томск, 26-29 апреля 2022 г. |o в 7 т. |f Национальный исследовательский Томский политехнический университет (ТПУ) ; под ред. И. А. Курзиной, Г. А. Вороновой |d 2022 | |
| 463 | 1 | |0 (RuTPU)RU\TPU\conf\36480 |t Т. 3 : Математика |v [С. 57-59] |d 2022 | |
| 510 | 1 | |a Calculation of the bending of a viscoelastic isotropic plate on an elastic base |z eng | |
| 610 | 1 | |a электронный ресурс | |
| 610 | 1 | |a труды учёных ТПУ | |
| 610 | 1 | |a изгибы | |
| 610 | 1 | |a композиты | |
| 610 | 1 | |a вязкоупругие тела | |
| 610 | 1 | |a погрешности | |
| 610 | 1 | |a напряжения | |
| 610 | 1 | |a прогибы | |
| 610 | 1 | |a плиты | |
| 610 | 1 | |a метод разделения переменных | |
| 700 | 1 | |a Дубровский |b Д. Д. | |
| 702 | 1 | |a Светашков |b А. А. |c физик |c профессор Томского политехнического университета, доктор физико-математических наук |f 1943- |g Александр Андреевич |2 stltpush |4 727 | |
| 712 | 0 | 2 | |a Национальный исследовательский Томский политехнический университет |b Школа базовой инженерной подготовки |b Отделение общетехнических дисциплин |h 8035 |2 stltpush |3 (RuTPU)RU\TPU\col\23550 |
| 801 | 2 | |a RU |b 63413507 |c 20220908 |g RCR | |
| 856 | 4 | |u http://earchive.tpu.ru/handle/11683/72964 | |
| 942 | |c BK | ||